000 00617nam a2200229 i 4500
001 18015
003 ES-MaACL
005 20230906151735.0
007 t|
008 010803s2000 sp ||||0| spa j
020 _a84-7765-179-5
040 _aM-BN
_bspa
_cM-BN
080 _a821.111-94"19"
100 1 _aMaynard, Joyce.
_979386
245 1 0 _aMi verdad /
_cJoyce Maynard ; traducción de Roser Berdagué.
250 _a1ª ed.
260 _aBarcelona :
_bCirce,
_c2000.
300 _a450 p ;
_c21 cm.
700 1 _aBerdagué, Roser.
_927859
852 _aES-MaACL
_jL-24784
_bR.130184
999 _c18015
_d18015